000 00485nam a2200181Ia 4500
005 20250508154716.0
008 008 250505s9999 xx 000 0 eng d
037 _aTextual
040 _aFEDL
_beng
_cFEDL
041 _aeng
_2eng
084 _a954.02, SHA
_qFEDL
100 _aSharma S R
245 0 _aMughal empire in India
260 _aAgra, India
_bLakshmi Narain Agarwal
_c1966
300 _a655p.
942 _cTEXL
_h954.02, SHA
999 _c1351710
_d1351710